| 000 | 01299nam a2200253Ia 4500 | ||
|---|---|---|---|
| 003 | Ost | ||
| 005 | 20260507075641.0 | ||
| 008 | 260507s9999||||xx |||||||||||||| ||und|| | ||
| 020 | _a9504009957 | ||
| 040 | _cfsecg | ||
| 041 | _aara | ||
| 082 | _a370.21 | ||
| 100 |
_aابراهيم، مروان عبد المجيد _eمؤلف |
||
| 245 | 0 |
_aالأساليب الإحصائية في مجالات البحوث التربوية / _c مروان عبد المجيد ابراهيم |
|
| 260 |
_aعمان: _bمؤسسة الوراق للنشر والتوزيع, _c2001 |
||
| 300 |
_a338 صفحة؛ _bإيضاحات ؛ _c24 سم |
||
| 504 | _aالمراجع ص301 | ||
| 520 | _aالمفاهيم الإحصائية والاساسية في البحوث التربوية، مفهوم البحوث العلمية والتربوية ، الخطوات الإحصائية في البحوث التربوية والرياضية، الاساليب الإحصائية في تحليل العلاقة بين الظواهر المبحوثة، تحليل وتفسير بيانات المقايس الإحصائية | ||
| 653 | _aالإحصاء | ||
| 653 | _aالتربية | ||
| 653 | _aالطرق الإحصائية | ||
| 700 |
_aالياسري، محمد جاسم _eمؤلف ثانوي |
||
| 942 | _cكتاب | ||
| 999 |
_c45407 _d45407 |
||